=LDR 00000nam 2200000 4500 =001 INLIS000000000007008 =005 20251119012827 =035 ##$$a 0010-1125000882 =007 ta =008 251119###########################0#ind## =082 ##$$a 314.598 =084 ##$$a 314.598 VAI s =100 #$$a Vaino Kannisto =245 1#$$a Statistical Research and Development Centre Central Bureau of Statistic Djakarta /$c Badan Koordinasi Keluarga Berencana Nasional =260 ##$$a Jakarta :$b Badan Koordinasi Keluarga Berencana Nasional,$c 1963 =300 ##$$a 29 Hal : $b Ilus ; $c 21 =650 #4$$a Keluarga Berencana =856 ##$$a Perpustakaan Kemendukbangga